Kpop Songs by the Alphabet - Statistics

General Stats
  • This quiz has been taken 266 times
  • The average score is 14 of 26
Answer Stats
Letter Group/Singer Song % Correct
C Fifty Fifty Cupid
89%
Q I-dle Queencard
79%
D BTS Dynamite
73%
H MEOVV Hands Up
71%
F All Day Project Famous
70%
O New Jeans OMG
70%
L Blackpink Lovesick Girls
68%
U Karina UP
68%
J ILLIT Jellyous
65%
E Le Sserafim Easy
64%
X Enhypen XO
63%
A IVE After Like
60%
K NCT 127 Kick it
60%
N I-dle Nxde
58%
P Red Velvet Psycho
58%
W TWICE What Is Love ?
55%
Z NCT, WayV ft. Giselle (aespa) Zoo
55%
Y TWICE Yes or Yes
52%
B Stray Kids Back Door
46%
G Itzy Gold
44%
S New Jeans Supernatural
40%
I Ateez Ice On My Teeth
37%
R Chungha Roller Coaster
30%
T EXO Tempo
28%
V SINee View
26%
M BabyMonster MONSTERS
23%
No matching quizzes found
Score Distribution
Percent of People with Each Score
Percentile by Number Answered
Your Score History
You have not taken this quiz